Statistics for German - Describing school (rules / classroom)

Click here to take the quiz!

General Stats

  • This quiz has been taken 13 times
  • The average score is 4 of 18

Answer Stats

HintAnswer% Correct
stupiddumm
89%
to do homeworkHausaufgaben machen
56%
fairfair
44%
fairgerecht
33%
annoyingnervig
33%
to wear uniformUniform tragen
33%
to have a detentionnachsitzen
22%
to arrive on timepünktlich ankommen
22%
You are not allowed to smokeman darf nicht rauchen
11%
to behave wellsich gut benehmen
11%
Man darf nichtYou are not allowed
11%
The School RulesDie Schulordnung
0%
annoying
ärgerlich
0%
to have pencils, pen
Bleistifte, Kulis haben
0%
to be quiet in classim Klassenzimmer ruhig sein
0%
You must/have toMan muss
0%
to show respectrespektvoll sein
0%
to dress smartlysich ordentlich anziehen
0%

Score Distribution

Percentile by Number Answered

Percent of People with Each Score

Your Score History

You have not taken this quiz